| 000 | 00547nam a2200169 a 4500 | ||
|---|---|---|---|
| 005 | 20140412111411.0 | ||
| 008 | 070215s19uu xx 00 eng d | ||
| 020 | _a1-85830-377-x | ||
| 050 |
_aM 611 _bMy99 2004 |
||
| 100 | _aBrook, John Dr. | ||
| 245 |
_aMy first book of human body / _cDr. John H.R. Brook. |
||
| 260 |
_aUK : _bGrandreams limited, _c2004. |
||
| 520 | _aPresents surprising facts about various parts of human body | ||
| 650 | _aBody , Human-Juvenile literature | ||
| 650 | _aBody, Human-Juvenile literature | ||
| 999 |
_c105691 _d105691 |
||